| 000 | 01076pam a2200337 i 4500 | ||
|---|---|---|---|
| 001 | 016515102 | ||
| 003 | Uk | ||
| 005 | 20230125102247.0 | ||
| 008 | 230123s2014 enka b 001 0 eng|d | ||
| 015 |
_aGBB392127 _2bnb |
||
| 020 | _a9780470674000 (hbk.) : | ||
| 041 | _aeng | ||
| 082 | 0 | 4 | _a658.2 |
| 245 | 0 | 0 |
_aInternational facility management / _cedited by Kathy O. Roper & Lisa J. Borello. |
| 264 | 1 |
_aChichester : _bWiley-Blackwell, _c2014. |
|
| 300 |
_axii, 183 pages : _billustrations ; _c25 cm. |
||
| 336 |
_atext _2rdacontent |
||
| 337 |
_aunmediated _2rdamedia |
||
| 338 |
_avolume _2rdacarrier |
||
| 490 | 0 | _aInnovation in the built environment | |
| 490 | 0 | _aRICS Research | |
| 500 | _aFormerly CIP. | ||
| 504 | _aIncludes bibliographical references and index. | ||
| 650 | 0 | _aFacility management. | |
| 651 | _aUnited Kingdom | ||
| 690 | 7 |
_aBuilt Environment _2blcoll _96307 |
|
| 700 | 1 |
_aRoper, Kathy O., _eeditor of compilation. |
|
| 700 | 1 |
_aBorello, Lisa J., _eeditor of compilation. |
|
| 942 | _n0 | ||
| 999 |
_c121331 _d121331 |
||